00821nam a22002657a 450000500170000000600190001700700030003600800410003902200140008004000190009405000130011324500190012626000440014530000230018931000140021250000120022665000530023870000170029171000270030827000560033590600420039194200150043399900170044895200900046520100118142915.0a|||||r|||||00| 0 ta100118c xxu||||| |||| 00| 0 eng d a0972-494X aDLCcCarPdDLC aN17b.S2 aSangeet natak. aNew Delhic2009-bSangeet Natak Akademi av.billus.c25 cm. aQuarterly aSerial. aPerforming artsxPeriodicals. [from old catalog] aChaterjee, A aSangeet Natak Akademi. aRavindra Bhavan, Firozshah Road,bNew Delhie110001 bcbccserpremduencipf19gy-gencatlg 2ddccSRs1 c33665d33665 00102ddc40718NFICaDBADbDBADd2010-01-18l0r2010-01-18 00:00:00w2010-01-18ySR